Joint ventures in agriculture: lessons from land reform projects in south africa (Record no. 48498)

MARC details
000 -LEADER
fixed length control field 00895nam a2200205 a 4500
008 - FIXED-LENGTH DATA ELEMENTS--GENERAL INFORMATION
fixed length control field 130418s2012 ||||||||||||||||| || u
020 ## - INTERNATIONAL STANDARD BOOK NUMBER
International Standard Book Number 9781843698401
050 ## - LIBRARY OF CONGRESS CALL NUMBER
Classification number HD 1333.S6 Lah
100 ## - MAIN ENTRY--PERSONAL NAME
Personal name Manenzhe, Tshililo
245 10 - TITLE STATEMENT
Title Joint ventures in agriculture: lessons from land reform projects in south africa
Statement of responsibility, etc. by Edward Lahiff, Nerhene Davis and Tshililo Manenzhe
260 ## - PUBLICATION, DISTRIBUTION, ETC.
Place of publication, distribution, etc. London:
Name of publisher, distributor, etc. International Institute for Environment and Development (IFAD)
Date of publication, distribution, etc. 2012
300 ## - PHYSICAL DESCRIPTION
Extent iv, 67p.: ill.
500 ## - GENERAL NOTE
General note References
650 ## - SUBJECT ADDED ENTRY--TOPICAL TERM
Topical term or geographic name entry element JOINT VENTURES--SOUTH AFRICA
650 ## - SUBJECT ADDED ENTRY--TOPICAL TERM
Topical term or geographic name entry element LAND REFORM--SOUTH AFRICA--CASE STUDIES
650 ## - SUBJECT ADDED ENTRY--TOPICAL TERM
Topical term or geographic name entry element AGRICULTURE--ECONOMIC ASPECTS--SOUTH AFRICA
700 ## - ADDED ENTRY--PERSONAL NAME
Personal name Davis, Nerhene
700 ## - ADDED ENTRY--PERSONAL NAME
Personal name Lahiff, Edward
995 ## - RECOMMENDATION 995 [LOCAL, UNIMARC FRANCE]
-- CBU-MAIN LIBRARY (Kitwe)
-- 1
-- AVAILABLE
-- Jun 13, 2013
-- Main Library Open Access Collection
Holdings
Withdrawn status Lost status Source of classification or shelving scheme Damaged status Not for loan Home library Current library Shelving location Date acquired Total Checkouts Full call number Barcode Date last seen Price effective from Koha item type
          CBU-MAIN LIBRARY, KITWE. CBU-MAIN LIBRARY, KITWE.   11/30/2022   HD 1333.S6 Lah 743896 11/30/2022 11/30/2022 MONOGRAPH